000 01625nam0a22003131 4500
001 v19\rc\1525438
005 20250618173216.0
035 _a(NLR Aleph) 004646919
090 _a3369660
_c3369660
100 _a20060620d1886 |||y0rusy50 ca
101 0 _arus
102 _aRU
105 _aa z |||||
200 1 _aРуководство прямолинейной тригонометрии
_e(С прил. табл. тригонометр. величин)
_fСост. П.В. Преображенский. преп. Моск. 4 классич. гимназии
210 _aМосква
_cтип. А.А. Карцева
_d1886
215 _a[4], 70, 21 с.
_cчерт.
_d22
311 _aПриложение.-М.:тип. А.И. Мамонтова и К°, ценз. 1886 (шифр: 18.208.3.135)
421 0 _11010#$arus
_12001#$aПриложение$iОпыт точной тригонометрии
_1210##$aМосква$cтип. А.И. Мамонтова и К°$dценз. 1886
_1215##$a47-70 с.$cчерт.
_1899##$aNLR$j18.208.3.135
_1899##$aRuMoRGB$jO 10/371
_1899##$aRuMoRGB$jO 9/322
_1899##$aБАН
_tПриложение
464 0 _12001#$aТаблица тригонометрических величин
_tТаблица тригонометрических величин
700 1 _aПреображенский
_bП.В.
_f1851-
_gПетр Васильевич
_4220
801 0 _aRU
_bNLR
_gpsbo
801 0 _aRU
_bRuMoRGB
_2psbo
801 1 _aRU
_bProSoft-M
_2rusmarc
852 _aNLR
_j18.191.2.3
899 _aRuMoRGB
_jO 10/371
899 _aRuMoRGB
_jO 9/322
899 _aБАН
942 _cBOOK
980 _aNB